| 000 | 00786nam a2200253Ia 4500 | ||
|---|---|---|---|
| 003 | OSt | ||
| 005 | 20220928124047.0 | ||
| 006 | a|||||r|||| 00| 0 | ||
| 007 | ta | ||
| 008 | 220927b |||||||| |||| 00| 0 eng d | ||
| 020 | _c5192.1999999999998 | ||
| 024 | _a115565 | ||
| 037 |
_b252, 06/03/2012, Classic Book Service _cTextual |
||
| 040 |
_aSDCL _cSDCL _beng |
||
| 041 |
_2eng _aeng |
||
| 082 | _aW6, Q1 | ||
| 100 |
_aBlokland Hans _9463234 |
||
| 245 | 0 |
_aPluralism,democracy and political knowledge _b Robert A Dahl his critics on modern politics. |
|
| 260 |
_aSurrey _bAshgate _c2011 |
||
| 300 |
_axv,374p _ccm. |
||
| 650 | _aPolitical Science | ||
| 942 |
_hW6, Q1 _cTEXL _2CC |
||
| 999 |
_c776170 _d776170 |
||